• 首页
  • 本馆介绍
  • 公告通知
  • 最新文献
  • 馆藏检索
  • 电子资源
  • 读者导购
  • 参考咨询
  • 我的图书馆
  • 登录
  • 详细信息显示
  • 放入我的书架
  • 预约/预借图书
  • 作者相关作品
  • 分类相关作品
  • 丛书相关作品
  • 出版社相关作品

书目信息

  • 表格格式
  • 工作单格式
  • 卡片格式
题名:
乱世争雄
    
 
作者: 银鑫 编著
分册:  
出版信息: 北京   红旗出版社  1996
页数: 654页
开本: 20cm
丛书名:
单 册:
中图分类: K812 , K811
科图分类:
主题词: 名人--生平事迹--世界 , 名人 , 人物--传记--世界
电子资源:
ISBN: 7-80068-924-7
000 00616nam0 2200241 450
001 1261660109
005 20121006170831.90
010    @a7-80068-924-7@dCNY26.80
100    @a19970414d1996 em y0chiy0110 ea
101 0  @achi
102    @aCN@b110000
105    @ay z 000zd
200 1  @a乱世争雄@Aluan shi zheng xiong@f银鑫编著
210    @a北京@c红旗出版社@d1996
215    @a654页@d20cm
606 0  @a名人@x生平事迹@y世界
606 0  @a名人
606 0  @a人物@x传记@x世界
690    @aK812@v3
690    @aK811@v4
701  0 @a银鑫@Ayin xin@4编著
801  0 @aCN@bNLC@c20101222
905    @a10447@dK811@eJY11
    
    乱世争雄/银鑫编著.-北京:红旗出版社,1996
    654页;20cm
    
    
    ISBN 7-80068-924-7:CNY26.80
    
●
相关链接 在E读中查询图书 在五车中查询图书 在当当中查询图书 在豆瓣中查询图书


正题名:乱世争雄     索取号:K811/JY11         预约/预借

序号 登录号 条形码 馆藏地/架位号 状态 备注
1 7832273   278322735   学院路分馆/ [索取号:K811/JY11] 在馆    
2 7832274   278322744   学院路分馆/ [索取号:K811/JY11] 在馆    
唐山师范学院图书馆 欢迎您!
大连网信软件有限公司© 版权所有